|
|
|
|
| LEADER |
00000nab a2200000 a 4500 |
| 001 |
vtls010102566 |
| 003 |
SK-MaSNL |
| 005 |
20260303121953.0 |
| 008 |
140414c1974 xo |||||| | 0b|slo |
| 015 |
|
|
|a SNBRB1974
|2 snkbucl
|
| 040 |
|
|
|a SNKBUCL
|b slo
|c SNKBUCL
|e AACR2
|
| 041 |
0 |
|
|a slo
|
| 044 |
|
|
|a xo
|c SK
|
| 080 |
|
|
|a 02
|2 1997
|
| 080 |
|
|
|a 001.891
|2 1997
|
| 245 |
0 |
0 |
|a Vedeckovýskumné práce z odboru knihovníctva
|c [autor] -J-G-Ž-
|
| 650 |
0 |
7 |
|a knihovníctvo
|2 snkbucl
|9 1557
|
| 650 |
0 |
7 |
|a výskumz
|2 snkbucl
|9 1136121
|
| 773 |
0 |
|
|t Čitateľ
|g Roč. 23, č. 5 (1974), s. 196-197
|
| 850 |
|
|
|a Slovenská národná knižnica v Martine
|
| 852 |
|
|
|a SNK
|b KIS3GCP
|
| 958 |
|
|
|a KL
|
| 999 |
|
|
|c 1918445
|d 1920375
|